SUPREME COURT ( NO 3697-5200 ) (Record no. 13577)
[ view plain ]
| 000 -LEADER | |
|---|---|
| fixed length control field | 00195nam a22000857a 4500 |
| 003 - CONTROL NUMBER IDENTIFIER | |
| control field | SGT |
| 245 ## - TITLE STATEMENT | |
| Title | SUPREME COURT ( NO 3697-5200 ) |
| 260 ## - PUBLICATION, DISTRIBUTION, ETC. (IMPRINT) | |
| Place of publication, distribution, etc | NAGPUR |
| Name of publisher, distributor, etc | ALL INDIA REPORTER LTD |
| Year of Publication | 2004 |
| 942 ## - ADDED ENTRY ELEMENTS (KOHA) | |
| Source of classification or shelving scheme | Dewey Decimal Classification |
| Koha item type | Back Volumes |
No items available.